000 00659nam a2200241Ia 4500
003 OSt
005 20220927110628.0
006 a|||||r|||| 00| 0
007 ta
008 220926b |||||||| |||| 00| 0 eng d
024 _a120384
037 _cReports
040 _aRTL
_cRTL
_beng
041 _2eng
_aeng
082 _a"U11p1,N63, K4"
111 _aSymposium on Experimental Cartography (1963 : Oxford)
_9379513
245 0 _aReport
_b Experimental Cartography
260 _aLondon
_bOxford University Press UK
_c1964
300 _a93p.
_ccm.
650 _aGeography
942 _h"U11p1,N63, K4"
_cCC
999 _c697470
_d697470